Land drainage and reclamation /

Bibliographic Details
Main Author: Ayres, Quincy Claude, 1891-
Other Authors: Scoates, Daniels
Format: Book
Language:English
Published: New York [etc.] : McGraw-Hill Book co., 1928.
Edition:1st ed.
Series:McGraw-Hill publications in agricultural engineering.
Subjects:

MARC

Tag First Indicator Second Indicator Subfields
LEADER 00000cam a2200000 4500
001 in00000024146
005 20151007061031.0
008 750813s1928 nyuab b 00010 eng u
010 |a  28024455  
035 |a (OCoLC)01544445 
035 |9 AAD0896AM 
040 |c TLM  |d TXA  |d UtOrBLW 
049 |a TXAM 
050 0 0 |a S605  |b .A8 
092 |a 631.6  |b A985 
100 1 |a Ayres, Quincy Claude,  |d 1891- 
245 1 0 |a Land drainage and reclamation /  |c by Quincy Claude Ayres ... and Daniels Scoates ... 
250 |a 1st ed. 
264 1 |a New York [etc.] :  |b McGraw-Hill Book co.,  |c 1928. 
300 |a viii, 419 pages :  |b illustrations, 2 folded maps, diagrams ;  |c 24 cm. 
336 |a text  |b txt  |2 rdacontent 
337 |a unmediated  |b n  |2 rdamedia 
338 |a volume  |b nc  |2 rdacarrier 
490 1 |a McGraw-Hill publications in agricultural engineering 
504 |a "References" at end of part of the chapters. 
650 0 |a Drainage. 
650 0 |a Reclamation of land. 
700 1 |a Scoates, Daniels. 
830 0 |a McGraw-Hill publications in agricultural engineering. 
999 |a MARS 
999 f f |s 721b1e38-354b-3b9e-ab87-27cead59396d  |i 89e1b638-b435-3951-ba51-4d8f35ca1a4b  |t 0 
952 f f |p ric  |a Texas A&M University  |b Rellis Campus  |c Joint Library Facility  |d Remote Storage  |t 0  |e S605 .A8  |h Library of Congress classification  |i unmediated -- volume  |m A14801067816 
998 f f |a S605 .A8  |t 0  |l Remote Storage